|
|
|
|
| LEADER |
00000nam0a2200000 4500 |
| 001 |
104048 |
| 005 |
20231031113839.0 |
| 035 |
|
|
|a (RuTPU)RU\TPU\book\112159
|
| 090 |
|
|
|a 104048
|
| 100 |
|
|
|a 20061025d1963 m y0rusy50 ca
|
| 101 |
0 |
|
|a rus
|
| 102 |
|
|
|a RU
|
| 105 |
|
|
|a a j 000zy
|
| 200 |
1 |
|
|a Лабораторный практикум по химии пленкообразующих и по технологии лаков и красок
|f П. Г. Коновалов, В. В. Жебровский, В. В. Шнейдерова
|
| 210 |
|
|
|a Москва
|c Росвузиздат
|d 1963
|
| 215 |
|
|
|a 203 с.
|c ил.
|
| 320 |
|
|
|a Библиография в конце глав.
|
| 610 |
1 |
|
|a химия
|
| 610 |
1 |
|
|a пленкообразующие вещества
|
| 610 |
1 |
|
|a лакокрасочные производства
|
| 610 |
1 |
|
|a лаки
|
| 610 |
1 |
|
|a краски
|
| 610 |
1 |
|
|a сырье
|
| 610 |
1 |
|
|a анализ
|
| 610 |
1 |
|
|a практические работы
|
| 610 |
1 |
|
|a практикумы
|
| 610 |
1 |
|
|a учебные пособия
|
| 675 |
|
|
|a 667(076.5)
|v 4
|
| 700 |
|
1 |
|a Коновалов
|b П. Г.
|g Петр Гордеевич
|
| 701 |
|
1 |
|a Жебровский
|b В. В.
|g Вацлав Вацлавович
|
| 701 |
|
1 |
|a Шнейдерова
|b В. В.
|g Вера Владимировна
|
| 801 |
|
1 |
|a RU
|b 63413507
|c 20061025
|g PSBO
|
| 801 |
|
2 |
|a RU
|b 63413507
|c 20180609
|g PSBO
|
| 942 |
|
|
|c BK
|